Securitisation of financial assets: (Record no. 16171)

MARC details
000 -LEADER
fixed length control field 01110 a2200265 4500
005 - DATE AND TIME OF LATEST TRANSACTION
control field 20080924111043.0
008 - FIXED-LENGTH DATA ELEMENTS--GENERAL INFORMATION
fixed length control field 080924t xxu||||| |||| 00| 0 eng d
010 ## - LCCN (DPL NO)
LC control number ENG-91111
020 ## - INTERNATIONAL STANDARD BOOK NUMBER
International Standard Book Number 9788189915889
Terms of availability 850.00
035 ## - SYSTEM CONTROL NUMBER
System control number EN-74644
037 ## - SOURCE OF ACQUISITION
Source of stock number/acquisition DBAD / PUB
040 ## - CATALOGING SOURCE
Original cataloging agency dpl
Language of cataloging English
082 ## - DEWEY DECIMAL CLASSIFICATION NUMBER
Classification number 332.632
100 ## - MAIN ENTRY--PERSONAL NAME
Personal name Malik, P.K.
245 ## - TITLE STATEMENT
Title Securitisation of financial assets:
Statement of responsibility, etc by P.K. Malik
Remainder of title status, problems and prospects /
260 ## - PUBLICATION, DISTRIBUTION, ETC. (IMPRINT)
Place of publication, distribution, etc New Delhi
Name of publisher, distributor, etc Regal Publications
Date of publication, distribution, etc 2008
270 ## - ADDRESS
Address F-159, Rajouri Garden
City New Delhi
Postal code 110 027
Telephone number 011-45546396
Electronic mail address regalbookspub@yahoo.com
300 ## - PHYSICAL DESCRIPTION
Extent xii, 263 p.
Dimensions 23 cm. (Hb.)
500 ## - GENERAL NOTE
General note Includes bibliographical references and index
610 ## - SUBJECT ADDED ENTRY--CORPORATE NAME
Corporate name or jurisdiction name as entry element India
Title of a work Securitisation and Reconstruction of Financial Assets and Enforcement of Security Interest Act, 2002
650 ## - SUBJECT ADDED ENTRY--TOPICAL TERM
Topical term or geographic name as entry element Security (Law)
Geographic subdivision india
651 ## - SUBJECT ADDED ENTRY--GEOGRAPHIC NAME
Geographic name
942 ## - ADDED ENTRY ELEMENTS (KOHA)
Institution code [OBSOLETE] dpl
Item type English Books
Source of classification or shelving scheme Dewey Decimal Classification
Call number suffix MAL
Classification part 332.632
Holdings
Withdrawn status Lost status Source of classification or shelving scheme Damaged status Not for loan Collection code Home library Current library Date acquired Source of acquisition Cost, normal purchase price Total Checkouts Full call number Barcode Date last seen Copy number Cost, replacement price Koha item type
    Dewey Decimal Classification   Not For Loan Non-fiction D.B.Act.Division D.B.Act.Division 03/10/2008 DBAD / PUB 850.00   332.632 MAL EN-74644 03/10/2008 1 850.00 English Books

© Delhi Public Library
Hit Counter
free hit counter